00425nam a2200157Ia 4500008004100000020001500041041000800056082001300064100001600077245007800093250000600171260004400177300001000221650002000231700001600251210716s2007 xx 000 0 und d a8131408191 aeng a657 SUJB aSujatha, B. aAccounting standards in india: towards convergence.bTowards convergence. a1 aHyderabadbICFAI University Pressc2007 ax,215 aAccounting(657) aSujatha, B.